000 00493nmm a2200145Ia 4500
008 251105s9999||||xx |||||||||||||||||und||
041 _aspa
100 _aMartos Rubio, Ana
245 0 _aBreve historia del condón y de los métodos anticonceptivos
264 _a[Madrid, España] :
_bEdiciones Nowtilus,
_c[Fecha de publicación no identificada]
300 _a256 páginas
650 _aSocial Sciences (General)
856 _uhttps://public.digitaliapublishing.com/a/84491
942 _cCF
999 _c103820
_d103820